ბათუმის შოთა რუსთაველის სახელმწიფო უნივერსიტეტის ბიბლიოთეკა

Экономическая дипломатия : (ბიბ.ჩანაწერი № 54293)

000 -LEADER
fixed length control field 00891nam a2200277Ia 4500
001 - CONTROL NUMBER
control field 21349
003 - CONTROL NUMBER IDENTIFIER
control field GE_BSU
005 - DATE AND TIME OF LATEST TRANSACTION
control field 20210909164901.0
008 - FIXED-LENGTH DATA ELEMENTS--GENERAL INFORMATION
fixed length control field 181216s2016||||ru |||||||||||||| ||rus||
020 ## - INTERNATIONAL STANDARD BOOK NUMBER
International Standard Book Number 9785756708578
040 ## - CATALOGING SOURCE
Transcribing agency GE_BSU
041 ## - LANGUAGE CODE
Language code of text/sound track or separate title rus
080 ## - UNIVERSAL DECIMAL CLASSIFICATION NUMBER
Universal Decimal Classification number 327+330 М-18
100 ## - MAIN ENTRY--PERSONAL NAME
Personal name Мавланов, И. Р.
9 (RLIN) 12418
245 ## - TITLE STATEMENT
Title Экономическая дипломатия :
Remainder of title Учебное пособие. /
Statement of responsibility, etc. И. Р. Мавланов.
250 ## - EDITION STATEMENT
Edition statement 2-е издание испрвл. и дополн.
264 ## - PRODUCTION, PUBLICATION, DISTRIBUTION, MANUFACTURE, AND COPYRIGHT NOTICE
Place of production, publication, distribution, manufacture Москва :
Name of producer, publisher, distributor, manufacturer Аспект-Пресс,
Date of production, publication, distribution, manufacture, or copyright notice 2016.
300 ## - PHYSICAL DESCRIPTION
Extent 526 стр. ;
Dimensions 22 см.
653 ## - INDEX TERM--UNCONTROLLED
keyword Политика
653 ## - INDEX TERM--UNCONTROLLED
keyword Экономика
653 ## - INDEX TERM--UNCONTROLLED
keyword Экономическая дипломатия
653 ## - INDEX TERM--UNCONTROLLED
keyword ეკონომიკა
653 ## - INDEX TERM--UNCONTROLLED
keyword პოლიტიკა
942 ## - ADDED ENTRY ELEMENTS (KOHA)
Koha item type წიგნი
Source of classification or shelving scheme
ეგზემპლარები
Withdrawn status Lost status Source of classification or shelving scheme Damaged status Not for loan Permanent Location Current Location Shelving location Date acquired Cost, normal purchase price Full call number Barcode Date last seen Copy number Price effective from Koha item type Public note
          ბათუმის შოთა რუსთაველის სახელმწიფო უნივერსიტეტის მთავარი ბიბლიოთეკა ბათუმის შოთა რუსთაველის სახელმწიფო უნივერსიტეტის მთავარი ბიბლიოთეკა წიგნსაცავი 2018-12-17 114.00 327+330 М-18 55267 2018-12-17 55267 2018-12-17 წიგნი 114.00 GEL.